000 00374nam a2200145Ia 4500
008 230711s9999||||xx |||||||||||||| ||und||
041 _aENG
082 _a621
_bGO-E
100 _aGolding,EW
245 0 _aElectrical measurement measuring instruments
250 _a1st
260 _c1991
_aNew Delhi
_bWiley Eastern Limited
650 _aElectronics Engineering
942 _cBK
999 _c1478
_d1478